[Event "Aarhus Sommer A"]
[Site "Aarhus"]
[Date "2009.07.09"]
[Round "2"]
[White "Andersen, Jackie"]
[Black "Andersen, Mads"]
[Result "1-0"]
[WhiteElo "2292"]
[BlackElo "2336"]
[PlyCount "73"]
[EventDate "2009.07.08"]
[EventType "tourn"]
[EventRounds "9"]
[EventCountry "DEN"]
[EventCategory "5"]
[SourceTitle "CBM 131 Extra"]
[Source "ChessBase"]
[SourceDate "2009.09.03"]

1. f4 c5 2. Nf3 d5 3. e3 g6 4. Bb5+ Bd7 5. Qe2 Bg7 6. O-O Nf6 7. Bxd7+ Nbxd7 8.
d3 O-O 9. e4 dxe4 10. dxe4 e5 11. f5 gxf5 12. Nh4 f4 13. Nf5 Nb8 14. Rd1 Qc7
15. Nc3 Nc6 16. Nd5 Nxd5 17. exd5 Nb8 18. d6 Qd7 19. Nxg7 Kxg7 20. Qxe5+ f6 21.
Qxc5 f3 22. Qh5 Kh8 23. Qxf3 Nc6 24. b3 Ne5 25. Qf4 Rae8 26. Bb2 Re6 27. Rd5
Ng6 28. Qf5 Nh4 29. Qh3 Nxg2 30. Qxg2 Qe8 31. Rf1 Re2 32. Qf3 Re6 33. d7 Qd8
34. Qf5 Qb6+ 35. Bd4 Rg8+ 36. Kh1 Qc6 37. Bxf6+ 1-0

[Event "Aarhus Sommer A"]
[Site "Aarhus"]
[Date "2009.07.13"]
[Round "6"]
[White "Andersen, Jackie"]
[Black "Igla, Bella"]
[Result "1/2-1/2"]
[WhiteElo "2292"]
[BlackElo "2235"]
[PlyCount "130"]
[EventDate "2009.07.08"]
[EventType "tourn"]
[EventRounds "9"]
[EventCountry "DEN"]
[EventCategory "5"]
[SourceTitle "CBM 131 Extra"]
[Source "ChessBase"]
[SourceDate "2009.09.03"]

1. d4 Nf6 2. Nf3 g6 3. c4 Bg7 4. Nc3 O-O 5. Bg5 d6 6. e3 Nbd7 7. Qc2 c6 8. Be2
Qc7 9. O-O Re8 10. b4 e5 11. Rfd1 Nf8 12. dxe5 dxe5 13. c5 Be6 14. a3 Rad8 15.
Nd2 Rd7 16. Nde4 Nxe4 17. Nxe4 Rxd1+ 18. Rxd1 Bf5 19. g4 Bxe4 20. Qxe4 Ne6 21.
Bh4 b6 22. Rd6 bxc5 23. Qxc6 Qxc6 24. Rxc6 cxb4 25. axb4 Bf8 26. b5 Kg7 27. Bc4
Rb8 28. Bxe6 fxe6 29. Rc7+ Kg8 30. Bf6 Rxb5 31. Rxa7 e4 32. Kg2 Rb1 33. Rd7 Rb6
34. h3 Rd6 35. Ra7 Rb6 36. Bd4 Rb5 37. Bc3 Rb3 38. Rc7 Rb1 39. Bd4 Rb5 40. Rd7
Rd5 41. Rb7 Ra5 42. Rd7 Rd5 43. Ra7 Rb5 44. Ra6 Kf7 45. Kg3 Rb1 46. Kf4 Rh1 47.
Kxe4 Rxh3 48. Ra7+ Kg8 49. f4 h5 50. g5 h4 51. Ke5 Bg7+ 52. Kxe6 Bxd4 53. exd4
Rd3 54. d5 h3 55. f5 h2 56. Kf6 Rf3 57. Kxg6 Rxf5 58. Rg7+ Kh8 59. Rh7+ Kg8 60.
Rxh2 Rxd5 61. Rf2 Rd6+ 62. Rf6 Rd7 63. Ra6 Rg7+ 64. Kf5 Rf7+ 65. Rf6 Ra7
1/2-1/2

[Event "Aarhus Sommer A"]
[Site "Aarhus"]
[Date "2009.07.11"]
[Round "4"]
[White "Andersen, Jackie"]
[Black "Skytte, Rasmus"]
[Result "0-1"]
[WhiteElo "2292"]
[BlackElo "2396"]
[PlyCount "50"]
[EventDate "2009.07.08"]
[EventType "tourn"]
[EventRounds "9"]
[EventCountry "DEN"]
[EventCategory "5"]
[SourceTitle "CBM 131 Extra"]
[Source "ChessBase"]
[SourceDate "2009.09.03"]

1. Nf3 Nf6 2. g3 d5 3. Bg2 c6 4. O-O Bg4 5. Ne5 Bh5 6. d4 Nbd7 7. c4 e6 8. Nc3
Nxe5 9. dxe5 Nd7 10. cxd5 cxd5 11. Qa4 Bc5 12. g4 Bg6 13. e4 d4 14. b4 Bb6 15.
Nb5 O-O 16. f4 f6 17. Qb3 Qe7 18. g5 fxg5 19. f5 Bh5 20. Bxg5 Qxg5 21. Qxe6+
Kh8 22. Qxd7 Be8 23. Qxb7 Bxb5 24. Rf3 Rac8 25. h4 Qg4 0-1

[Event "Aarhus Sommer A"]
[Site "Aarhus"]
[Date "2009.07.16"]
[Round "9"]
[White "Andersen, Jackie"]
[Black "Berg, Klaus"]
[Result "0-1"]
[WhiteElo "2292"]
[BlackElo "2432"]
[PlyCount "94"]
[EventDate "2009.07.08"]
[EventType "tourn"]
[EventRounds "9"]
[EventCountry "DEN"]
[EventCategory "5"]
[SourceTitle "CBM 131 Extra"]
[Source "ChessBase"]
[SourceDate "2009.09.03"]

1. f4 g6 2. Nf3 Bg7 3. e4 d6 4. d4 Nf6 5. Bd3 c5 6. dxc5 Qa5+ 7. Nc3 Qxc5 8.
Qe2 Nc6 9. Be3 Qa5 10. O-O Bg4 11. a3 O-O 12. b4 Qh5 13. b5 Bxf3 14. gxf3 Na5
15. Kh1 Rac8 16. Na2 Nd7 17. Nb4 Nc5 18. Nd5 Rfe8 19. f5 e6 20. Nf4 Qh4 21.
fxe6 fxe6 22. Rab1 Be5 23. Nxg6 hxg6 24. f4 Bg7 25. Rg1 Nxd3 26. cxd3 Kf7 27.
Bxa7 Rc3 28. Bb6 Nb3 29. f5 Be5 30. Qg2 g5 31. fxe6+ Rxe6 32. Rbf1+ Ke8 33. Rf2
Rh6 34. Be3 Qh3 35. Bxg5 Qxg2+ 36. Rgxg2 Rh3 37. Bf4 Bxf4 38. Rxf4 Rc1+ 39. Rg1
Rxd3 40. Rxc1 Nxc1 41. e5 dxe5 42. Rc4 Nb3 43. h4 Nd4 44. Rc5 Rh3+ 45. Kg2 Rxh4
46. Rxe5+ Kd7 47. Kg3 Kd6 0-1

[Event "Aarhus Sommer A"]
[Site "Aarhus"]
[Date "2009.07.12"]
[Round "5"]
[White "Andersen, Mads"]
[Black "Hagesaether, Ellen"]
[Result "1-0"]
[WhiteElo "2336"]
[BlackElo "2249"]
[PlyCount "101"]
[EventDate "2009.07.08"]
[EventType "tourn"]
[EventRounds "9"]
[EventCountry "DEN"]
[EventCategory "5"]
[SourceTitle "CBM 131 Extra"]
[Source "ChessBase"]
[SourceDate "2009.09.03"]

1. e4 d6 2. d4 Nf6 3. Nc3 g6 4. f4 Bg7 5. Nf3 c5 6. Bb5+ Bd7 7. Bxd7+ Nfxd7 8.
d5 b5 9. Nxb5 Qa5+ 10. Nc3 Bxc3+ 11. bxc3 Qxc3+ 12. Bd2 Qc4 13. Qe2 Qxe2+ 14.
Kxe2 Nf6 15. Kd3 O-O 16. Rhb1 Na6 17. c4 Rfb8 18. a3 Nd7 19. Ba5 Kf8 20. g4 h6
21. e5 g5 22. fxg5 hxg5 23. e6 fxe6 24. dxe6 Nf6 25. Nxg5 d5 26. cxd5 Nxd5 27.
Ke4 Nf6+ 28. Kf5 c4 29. Kg6 Nc5 30. Bb4 Nd3 31. Nh7+ Nxh7 32. Kxh7 Ke8 33. Rf1
a5 34. Kg7 Kd8 35. Be1 Nxe1 36. Rf8+ Kc7 37. Rxb8 Rxb8 38. Rxe1 Rb3 39. Rc1 Kd6
40. h4 Rh3 41. h5 c3 42. Kg6 Kxe6 43. h6 Ke5 44. h7 Kd4 45. Kg7 e5 46. h8=Q
Rxh8 47. Kxh8 e4 48. g5 e3 49. g6 Kd3 50. g7 Kd2 51. Ra1 1-0

[Event "Aarhus Sommer A"]
[Site "Aarhus"]
[Date "2009.07.08"]
[Round "1"]
[White "Andersen, Mads"]
[Black "Glud, Jakob Vang"]
[Result "0-1"]
[WhiteElo "2336"]
[BlackElo "2462"]
[PlyCount "84"]
[EventDate "2009.07.08"]
[EventType "tourn"]
[EventRounds "9"]
[EventCountry "DEN"]
[EventCategory "5"]
[SourceTitle "CBM 131 Extra"]
[Source "ChessBase"]
[SourceDate "2009.09.03"]

1. e4 e5 2. Nf3 Nc6 3. Bb5 Nge7 4. O-O g6 5. c3 a6 6. Ba4 Bg7 7. d4 exd4 8.
cxd4 O-O 9. d5 b5 10. Bc2 Na5 11. Nc3 d6 12. Rb1 Re8 13. h3 b4 14. Ne2 c5 15.
dxc6 Nexc6 16. Bg5 Bf6 17. Bf4 Ne5 18. Nxe5 dxe5 19. Qxd8 Rxd8 20. Be3 Nc4 21.
Bb3 Be6 22. Rfd1 Rxd1+ 23. Rxd1 Nxb2 24. Rc1 Bxb3 25. axb3 a5 26. Rb1 Nd3 27.
Rd1 Nf4 28. Nxf4 exf4 29. Bxf4 g5 30. e5 Be7 31. Be3 Kf8 32. Ra1 Ke8 33. Bb6
Ra6 34. Bc7 a4 35. bxa4 Kd7 36. Bd6 Bxd6 37. exd6 Kxd6 38. Kf1 Kc5 39. Ke2 b3
40. Rc1+ Kb4 41. Rc7 b2 42. Kd2 Ka3 0-1

[Event "Aarhus Sommer A"]
[Site "Aarhus"]
[Date "2009.07.13"]
[Round "6"]
[White "Andersen, Mads"]
[Black "Peterson, Eric"]
[Result "1/2-1/2"]
[WhiteElo "2336"]
[BlackElo "2248"]
[PlyCount "140"]
[EventDate "2009.07.08"]
[EventType "tourn"]
[EventRounds "9"]
[EventCountry "DEN"]
[EventCategory "5"]
[SourceTitle "CBM 131 Extra"]
[Source "ChessBase"]
[SourceDate "2009.09.03"]

1. e4 Nc6 2. Nf3 d5 3. exd5 Qxd5 4. Nc3 Qa5 5. Bb5 Bd7 6. d4 O-O-O 7. d5 Be6 8.
Bd2 Bxd5 9. Ng5 Nh6 10. a4 Qb6 11. O-O e6 12. Be3 Qa5 13. Qe2 Nb4 14. Nxd5 Nxd5
15. Bd2 Qb6 16. c4 Nb4 17. a5 Qd4 18. Bxb4 Bxb4 19. a6 c6 20. Qf3 Qc5 21. axb7+
Kxb7 22. Bxc6+ Kb6 23. Bb5 a5 24. Ne4 Qe5 25. Nc3 Rd6 26. Na2 Bc5 27. b4 axb4
28. Nxb4 Bxb4 29. Ra6+ Kc5 30. Rc6+ Rxc6 31. Qxc6+ Kd4 32. Rd1+ Kc3 33. Qf3+
Kb2 34. Ba4 Qc3 35. Qe2+ Ka3 36. Bb5 Qb2 37. Qd3+ Ka2 38. c5 Bc3 39. Bc4+ Ka3
40. Rb1 Rd8 41. Rxb2 Rxd3 42. Ra2+ Kb4 43. Bxd3 Kxc5 44. f3 Kd6 45. g4 Bd4+ 46.
Kg2 f5 47. h3 Ke7 48. Ra4 Bc5 49. Ra5 Bd4 50. gxf5 exf5 51. Bxf5 Nxf5 52. Rxf5
Ke6 53. Rh5 h6 54. Kg3 Kf7 55. Kg4 Kg6 56. h4 Kh7 57. Rd5 Bc3 58. Rd7 Bb2 59.
Kf5 Bc3 60. h5 Bb2 61. f4 Bc3 62. Rb7 Bf6 63. Rb5 Bc3 64. Rb7 Bd4 65. Ke4 Bf6
66. Rb5 Bc3 67. Kf5 Bd4 68. Ke6 Bc3 69. Kf7 Bd4 70. Re5 Bc3 1/2-1/2

[Event "Aarhus Sommer A"]
[Site "Aarhus"]
[Date "2009.07.13"]
[Round "6"]
[White "Berg, Klaus"]
[Black "Kristiansen, Jens"]
[Result "1-0"]
[WhiteElo "2432"]
[BlackElo "2435"]
[PlyCount "81"]
[EventDate "2009.07.08"]
[EventType "tourn"]
[EventRounds "9"]
[EventCountry "DEN"]
[EventCategory "5"]
[SourceTitle "CBM 131 Extra"]
[Source "ChessBase"]
[SourceDate "2009.09.03"]

1. d4 f5 2. Nc3 Nf6 3. Bg5 d5 4. e3 e6 5. Nf3 Be7 6. Bd3 O-O 7. O-O Nbd7 8. Ne2
Ne4 9. Bxe7 Qxe7 10. c4 c6 11. Qc2 Rf6 12. g3 b6 13. Qa4 Bb7 14. cxd5 exd5 15.
Rac1 a5 16. a3 Kh8 17. Kg2 h6 18. h4 Qd6 19. h5 c5 20. Bb5 Rd8 21. Rfd1 Rf7 22.
Nf4 Ndf6 23. Ne5 Rc7 24. f3 Ng5 25. dxc5 bxc5 26. Qxa5 Rcc8 27. Bd3 Kg8 28.
Nfg6 Re8 29. Bxf5 Rc7 30. b4 Rxe5 31. bxc5 Rxc5 32. Qxc5 Qxc5 33. Rxc5 Rxe3 34.
Rd3 Re2+ 35. Kf1 Rb2 36. f4 Nge4 37. Ra5 Nxh5 38. Bxe4 dxe4 39. Rc3 Nf6 40. f5
Ng4 41. Ra8+ 1-0

[Event "Aarhus Sommer A"]
[Site "Aarhus"]
[Date "2009.07.15"]
[Round "8"]
[White "Berg, Klaus"]
[Black "Glud, Jakob Vang"]
[Result "1/2-1/2"]
[WhiteElo "2432"]
[BlackElo "2462"]
[PlyCount "23"]
[EventDate "2009.07.08"]
[EventType "tourn"]
[EventRounds "9"]
[EventCountry "DEN"]
[EventCategory "5"]
[SourceTitle "CBM 131 Extra"]
[Source "ChessBase"]
[SourceDate "2009.09.03"]

1. c4 e6 2. Nc3 d5 3. d4 Nf6 4. Nf3 Be7 5. Bg5 O-O 6. e3 Nbd7 7. Qc2 Re8 8. Bd3
a6 9. cxd5 exd5 10. O-O c6 11. h3 g6 12. Rab1 1/2-1/2

[Event "Aarhus Sommer A"]
[Site "Aarhus"]
[Date "2009.07.11"]
[Round "4"]
[White "Berg, Klaus"]
[Black "Peterson, Eric"]
[Result "1/2-1/2"]
[WhiteElo "2432"]
[BlackElo "2248"]
[PlyCount "50"]
[EventDate "2009.07.08"]
[EventType "tourn"]
[EventRounds "9"]
[EventCountry "DEN"]
[EventCategory "5"]
[SourceTitle "CBM 131 Extra"]
[Source "ChessBase"]
[SourceDate "2009.09.03"]

1. d4 e6 2. Nf3 d5 3. c4 Nf6 4. Nc3 c5 5. e3 cxd4 6. exd4 Be7 7. cxd5 Nxd5 8.
Bd3 Nc6 9. O-O O-O 10. Re1 Ncb4 11. Bb1 Nf6 12. a3 Nbd5 13. Ne5 Bd7 14. Qd3
Nxc3 15. bxc3 Rc8 16. Qh3 Bc6 17. Bg5 g6 18. Bh6 Bd5 19. Bxf8 Bxf8 20. Bd3 Rxc3
21. Nxf7 Kxf7 22. Bxg6+ Kxg6 23. Qxc3 Bd6 24. Qh3 Qb6 25. Rad1 Qa5 1/2-1/2

[Event "Aarhus Sommer A"]
[Site "Aarhus"]
[Date "2009.07.08"]
[Round "1"]
[White "Berg, Klaus"]
[Black "Hagesaether, Ellen"]
[Result "1-0"]
[WhiteElo "2432"]
[BlackElo "2249"]
[PlyCount "81"]
[EventDate "2009.07.08"]
[EventType "tourn"]
[EventRounds "9"]
[EventCountry "DEN"]
[EventCategory "5"]
[SourceTitle "CBM 131 Extra"]
[Source "ChessBase"]
[SourceDate "2009.09.03"]

1. e4 d6 2. d4 Nf6 3. Nc3 g6 4. Be3 c6 5. Qd2 b5 6. Bd3 Nbd7 7. Nf3 e5 8. h3
Bb7 9. dxe5 dxe5 10. O-O Bg7 11. a4 a6 12. Ne2 Qe7 13. Ng3 O-O 14. c4 Rfd8 15.
axb5 cxb5 16. cxb5 Nc5 17. Qb4 Rxd3 18. Bxc5 Qe6 19. bxa6 Bxa6 20. Rfd1 Rxd1+
21. Rxd1 Nd7 22. Bd6 h6 23. Ra1 Qe8 24. Ra3 Bf6 25. h4 h5 26. Qb3 Qc8 27. Qd1
Nb6 28. Bxe5 Bxe5 29. Nxe5 Qc7 30. Qb3 Bc8 31. Rxa8 Nxa8 32. Nxg6 Be6 33. Qa3
fxg6 34. Qxa8+ Kg7 35. Qa3 Qd8 36. Qc3+ Kf7 37. Qf3+ Kg7 38. Qf4 Qd4 39. Qg5
Bg4 40. Nf5+ Bxf5 41. exf5 1-0

[Event "Aarhus Sommer A"]
[Site "Aarhus"]
[Date "2009.07.09"]
[Round "2"]
[White "Berg, Klaus"]
[Black "Repkova, Eva"]
[Result "0-1"]
[WhiteElo "2432"]
[BlackElo "2428"]
[PlyCount "50"]
[EventDate "2009.07.08"]
[EventType "tourn"]
[EventRounds "9"]
[EventCountry "DEN"]
[EventCategory "5"]
[SourceTitle "CBM 131 Extra"]
[Source "ChessBase"]
[SourceDate "2009.09.03"]

1. e4 e6 2. d3 d5 3. Nd2 Nf6 4. Ngf3 Nc6 5. c3 Bd6 6. Be2 O-O 7. O-O Re8 8. Qc2
e5 9. b4 d4 10. cxd4 Nxb4 11. Qc3 exd4 12. Nxd4 c5 13. N4f3 Nfd5 14. exd5 Rxe2
15. Bb2 Bf8 16. d4 Qxd5 17. Rfe1 Nxa2 18. Qa3 Rxe1+ 19. Rxe1 Be6 20. Re5 cxd4
21. Qa4 Qd7 22. Qd1 f6 23. Rh5 Nc3 24. Qc2 Ne2+ 25. Kf1 d3 0-1

[Event "Aarhus Sommer A"]
[Site "Aarhus"]
[Date "2009.07.11"]
[Round "4"]
[White "Glud, Jakob Vang"]
[Black "Kristiansen, Jens"]
[Result "1/2-1/2"]
[WhiteElo "2462"]
[BlackElo "2435"]
[PlyCount "82"]
[EventDate "2009.07.08"]
[EventType "tourn"]
[EventRounds "9"]
[EventCountry "DEN"]
[EventCategory "5"]
[SourceTitle "CBM 131 Extra"]
[Source "ChessBase"]
[SourceDate "2009.09.03"]

1. c4 f5 2. Nf3 Nf6 3. d4 e6 4. g3 Be7 5. Bg2 O-O 6. O-O Ne4 7. Nbd2 d5 8. Qc2
Nc6 9. Rd1 Bd7 10. a3 a5 11. Nxe4 dxe4 12. d5 exd5 13. cxd5 Na7 14. Ne5 Bd6 15.
Nc4 Nc8 16. Bd2 a4 17. Rac1 Bb5 18. Nxd6 cxd6 19. Bc3 Nb6 20. Qd2 Rf7 21. Ba5
Nc4 22. Bxd8 Nxd2 23. Rxd2 Rxd8 24. e3 Ra8 25. Rdc2 Ra5 26. Rc8+ Rf8 27. g4 Bd3
28. gxf5 Rxd5 29. Bh3 Be2 30. Kg2 b5 31. Kg3 Bc4 32. Rxf8+ Kxf8 33. Rc2 Rd1 34.
Bg4 Rg1+ 35. Kf4 Ke7 36. h3 d5 37. Ke5 Rf1 38. Rd2 Bb3 39. Re2 Bd1 40. Rd2 Bb3
41. Re2 Bd1 1/2-1/2

[Event "Aarhus Sommer A"]
[Site "Aarhus"]
[Date "2009.07.14"]
[Round "7"]
[White "Glud, Jakob Vang"]
[Black "Andersen, Jackie"]
[Result "1/2-1/2"]
[WhiteElo "2462"]
[BlackElo "2292"]
[PlyCount "46"]
[EventDate "2009.07.08"]
[EventType "tourn"]
[EventRounds "9"]
[EventCountry "DEN"]
[EventCategory "5"]
[SourceTitle "CBM 131 Extra"]
[Source "ChessBase"]
[SourceDate "2009.09.03"]

1. c4 Nf6 2. g3 c6 3. Bg2 e5 4. d4 Bb4+ 5. Bd2 Bxd2+ 6. Qxd2 d6 7. Nc3 O-O 8.
e3 Na6 9. Nge2 Bf5 10. h3 Re8 11. O-O Qe7 12. b3 Rad8 13. Rad1 exd4 14. Qxd4
Nc5 15. g4 Bc8 16. Ng3 Qe5 17. Rfe1 a5 18. Qd2 Qg5 19. f4 Qh4 20. Qf2 Bxg4 21.
hxg4 Nxg4 22. Qf3 Qh2+ 23. Kf1 Qh4 1/2-1/2

[Event "Aarhus Sommer A"]
[Site "Aarhus"]
[Date "2009.07.09"]
[Round "2"]
[White "Glud, Jakob Vang"]
[Black "Peterson, Eric"]
[Result "1-0"]
[WhiteElo "2462"]
[BlackElo "2248"]
[PlyCount "135"]
[EventDate "2009.07.08"]
[EventType "tourn"]
[EventRounds "9"]
[EventCountry "DEN"]
[EventCategory "5"]
[SourceTitle "CBM 131 Extra"]
[Source "ChessBase"]
[SourceDate "2009.09.03"]

1. d4 e6 2. c4 d5 3. Nc3 Nf6 4. cxd5 exd5 5. Bg5 c6 6. Qc2 Na6 7. e3 Nb4 8. Qd2
Bf5 9. Rc1 a5 10. a3 Na6 11. Nge2 Be7 12. Ng3 Bg6 13. h4 h6 14. h5 Bh7 15. Bh4
Nc7 16. Bd3 Bxd3 17. Qxd3 Ng8 18. Bxe7 Nxe7 19. Na4 Ne6 20. Nf5 Nxf5 21. Qxf5
Qe7 22. O-O O-O 23. Nc5 Rad8 24. b4 axb4 25. axb4 Rd6 26. Qe5 f6 27. Qf5 Ng5
28. b5 b6 29. Na4 cxb5 30. Nc3 Qd7 31. Qxd7 Rxd7 32. Rb1 Rc8 33. Ne2 Ne6 34.
Rxb5 Rc6 35. Rfb1 Rdd6 36. R5b3 Kf7 37. Nc3 f5 38. g3 Ng5 39. R1b2 Ne4 40. Ne2
Ke7 41. Nf4 Nf6 42. Kg2 Kd8 43. Ra3 Rc8 44. Ra6 Rcc6 45. Kf3 Ke8 46. Rb5 Kd8
47. Nd3 Nxh5 48. Nb4 Rc7 49. Nxd5 Rb7 50. Nxb6 Rb8 51. Rd5 Rxd5 52. Nxd5 Rb5
53. Rd6+ Kc8 54. Kg2 Ra5 55. Kh3 Ra1 56. Ne7+ Kc7 57. Rd5 Nf6 58. Rxf5 Kd6 59.
Ng6 Ra2 60. f3 Rf2 61. e4 Ke6 62. Nf4+ Ke7 63. d5 Nh7 64. Ng6+ Ke8 65. g4 Ng5+
66. Kg3 Rf1 67. Kg2 Rd1 68. Rf8+ 1-0

[Event "Aarhus Sommer A"]
[Site "Aarhus"]
[Date "2009.07.16"]
[Round "9"]
[White "Glud, Jakob Vang"]
[Black "Repkova, Eva"]
[Result "1-0"]
[WhiteElo "2462"]
[BlackElo "2428"]
[PlyCount "131"]
[EventDate "2009.07.08"]
[EventType "tourn"]
[EventRounds "9"]
[EventCountry "DEN"]
[EventCategory "5"]
[SourceTitle "CBM 131 Extra"]
[Source "ChessBase"]
[SourceDate "2009.09.03"]

1. d4 d5 2. c4 e6 3. Nc3 c5 4. e3 cxd4 5. exd4 Nf6 6. Nf3 Be7 7. cxd5 Nxd5 8.
Bd3 Nc6 9. O-O O-O 10. Re1 Bf6 11. Be4 a6 12. a3 Qd6 13. Qd3 g6 14. Bh6 Rd8 15.
Bxd5 exd5 16. Bg5 Bxg5 17. Nxg5 Qf6 18. Nf3 Be6 19. Ne5 Rac8 20. Nxc6 Rxc6 21.
Re5 Rc4 22. Qe3 Rd6 23. Rd1 Qd8 24. h3 Qb6 25. Qd2 Qc7 26. h4 b5 27. h5 f6 28.
Re3 Qd7 29. Rde1 g5 30. Qe2 Kf7 31. Qd3 Kf8 32. h6 Rc8 33. Qe2 Re8 34. Qc2 Rc8
35. Rxe6 Rxe6 36. Rxe6 Qxe6 37. Qxh7 Ke8 38. Qg6+ Kd7 39. h7 Kd6 40. g3 Rf8 41.
Qg7 Qe8 42. Kf1 Qd8 43. Nd1 f5 44. Ne3 f4 45. Nf5+ Kc6 46. Ne7+ Kb6 47. Ng6 Re8
48. h8=Q Rxh8 49. Qxh8 Qd6 50. Ne5 fxg3 51. fxg3 Ka5 52. Qc8 Qh6 53. Qc7+ Ka4
54. Qc2+ Ka5 55. b4+ Kb6 56. Qc5+ Kb7 57. Qxd5+ Kc7 58. Kg2 g4 59. Qd7+ Kb6 60.
Nxg4 Qd2+ 61. Nf2 Qe3 62. Qd6+ Kb7 63. d5 Qxa3 64. Qc6+ Ka7 65. Qc5+ Kb7 66. d6
1-0

[Event "Aarhus Sommer A"]
[Site "Aarhus"]
[Date "2009.07.13"]
[Round "6"]
[White "Hagesaether, Ellen"]
[Black "Glud, Jakob Vang"]
[Result "0-1"]
[WhiteElo "2249"]
[BlackElo "2462"]
[PlyCount "104"]
[EventDate "2009.07.08"]
[EventType "tourn"]
[EventRounds "9"]
[EventCountry "DEN"]
[EventCategory "5"]
[SourceTitle "CBM 131 Extra"]
[Source "ChessBase"]
[SourceDate "2009.09.03"]

1. e4 e5 2. Nf3 Nc6 3. Bb5 a6 4. Ba4 Nf6 5. O-O Be7 6. Re1 b5 7. Bb3 d6 8. c3
O-O 9. h3 Nb8 10. d4 Nbd7 11. Nbd2 Bb7 12. Bc2 c5 13. d5 g6 14. Nf1 Nh5 15. Bh6
Ng7 16. g4 Nf6 17. Ng3 Kh8 18. Qd2 Ng8 19. Bxg7+ Kxg7 20. a4 Rb8 21. axb5 axb5
22. Qe3 Qc7 23. Nd2 Nf6 24. Bd3 Bc8 25. Ra2 Nd7 26. c4 b4 27. Rea1 Nb6 28. Kh2
Bd7 29. b3 Ra8 30. f4 exf4 31. Qxf4 Rxa2 32. Rxa2 Be8 33. Nf3 Nd7 34. g5 f6 35.
Qh4 fxg5 36. Nxg5 Bxg5 37. Qxg5 Ne5 38. Be2 Kh8 39. Kg2 Qf7 40. Qe3 Bd7 41. Nf1
Qe7 42. Qg3 g5 43. Bh5 Rf4 44. Ne3 Ng6 45. Bxg6 hxg6 46. Ra8+ Kg7 47. Ra7 Bxh3+
48. Kxh3 Qxa7 49. Qxg5 Qf7 50. e5 Rf2 51. Ng4 Qf3+ 52. Kh4 Qh1+ 0-1

[Event "Aarhus Sommer A"]
[Site "Aarhus"]
[Date "2009.07.11"]
[Round "4"]
[White "Hagesaether, Ellen"]
[Black "Igla, Bella"]
[Result "1/2-1/2"]
[WhiteElo "2249"]
[BlackElo "2235"]
[PlyCount "52"]
[EventDate "2009.07.08"]
[EventType "tourn"]
[EventRounds "9"]
[EventCountry "DEN"]
[EventCategory "5"]
[SourceTitle "CBM 131 Extra"]
[Source "ChessBase"]
[SourceDate "2009.09.03"]

1. e4 c5 2. d3 Nc6 3. g3 d5 4. Nd2 Nf6 5. Ngf3 g6 6. Bg2 Bg7 7. O-O O-O 8. Re1
e5 9. a4 dxe4 10. dxe4 Qc7 11. c3 h6 12. Qe2 Be6 13. Nc4 Rad8 14. Nfd2 Rd7 15.
a5 Rb8 16. Nb3 b5 17. axb6 axb6 18. Be3 Ng4 19. Bh3 Bxc4 20. Qxc4 Nxe3 21. Rxe3
Rd6 22. Ree1 Bf8 23. Qb5 Na7 24. Qa6 Rb7 25. Qe2 Rb8 26. Nd2 b5 1/2-1/2

[Event "Aarhus Sommer A"]
[Site "Aarhus"]
[Date "2009.07.15"]
[Round "8"]
[White "Hagesaether, Ellen"]
[Black "Andersen, Jackie"]
[Result "1-0"]
[WhiteElo "2249"]
[BlackElo "2292"]
[PlyCount "45"]
[EventDate "2009.07.08"]
[EventType "tourn"]
[EventRounds "9"]
[EventCountry "DEN"]
[EventCategory "5"]
[SourceTitle "CBM 131 Extra"]
[Source "ChessBase"]
[SourceDate "2009.09.03"]

1. e4 g6 2. d4 Nf6 3. e5 Nh5 4. Be2 d6 5. Nf3 Nc6 6. h3 dxe5 7. dxe5 Qxd1+ 8.
Bxd1 f6 9. Nc3 Be6 10. exf6 exf6 11. O-O O-O-O 12. a3 Ng7 13. Re1 g5 14. b4 h6
15. Bb2 f5 16. Nb5 Bd7 17. c4 g4 18. hxg4 fxg4 19. Ne5 Nxe5 20. Bxe5 Bxb5 21.
cxb5 h5 22. Bb3 Rd7 23. Be6 1-0

[Event "Aarhus Sommer A"]
[Site "Aarhus"]
[Date "2009.07.09"]
[Round "2"]
[White "Igla, Bella"]
[Black "Skytte, Rasmus"]
[Result "1/2-1/2"]
[WhiteElo "2235"]
[BlackElo "2396"]
[PlyCount "113"]
[EventDate "2009.07.08"]
[EventType "tourn"]
[EventRounds "9"]
[EventCountry "DEN"]
[EventCategory "5"]
[SourceTitle "CBM 131 Extra"]
[Source "ChessBase"]
[SourceDate "2009.09.03"]

1. d4 Nf6 2. c4 c5 3. d5 b5 4. cxb5 a6 5. b6 Qxb6 6. Nc3 e6 7. e4 exd5 8. exd5
Bd6 9. Qe2+ Be7 10. g3 O-O 11. Bg2 d6 12. Qc2 a5 13. Nge2 Ba6 14. O-O Nbd7 15.
Rd1 Rfe8 16. h3 Bf8 17. Be3 g6 18. Rab1 Bg7 19. b3 Ne5 20. Na4 Qb8 21. Nc1 Bc8
22. Qe2 Bf5 23. Ra1 h5 24. Nb2 Qc8 25. Qf1 Ne4 26. Ne2 Nf3+ 27. Bxf3 Bxh3 28.
Bg2 Bxg2 29. Qxg2 Bxb2 30. Rab1 Bg7 31. Rbc1 Qf5 32. Rc4 Nf6 33. Nc3 Ng4 34.
Ne4 Nxe3 35. fxe3 Qe5 36. Re1 Bh6 37. Qf3 f5 38. Nc3 Re7 39. Kg2 Rae8 40. Nd1
Qa1 41. Ra4 Qc1 42. Qf2 Re4 43. Rxa5 Rg4 44. Ra7 h4 45. Ra4 hxg3 46. Qb2 Qxb2+
47. Nxb2 Rxa4 48. Nxa4 Bxe3 49. Nb2 f4 50. Nc4 Ra8 51. a4 Kg7 52. Nxe3 fxe3 53.
Rxe3 c4 54. bxc4 Rxa4 55. Re6 Rxc4 56. Rxd6 Rc3 57. Rc6 1/2-1/2

[Event "Aarhus Sommer A"]
[Site "Aarhus"]
[Date "2009.07.12"]
[Round "5"]
[White "Igla, Bella"]
[Black "Glud, Jakob Vang"]
[Result "1-0"]
[WhiteElo "2235"]
[BlackElo "2462"]
[PlyCount "77"]
[EventDate "2009.07.08"]
[EventType "tourn"]
[EventRounds "9"]
[EventCountry "DEN"]
[EventCategory "5"]
[SourceTitle "CBM 131 Extra"]
[Source "ChessBase"]
[SourceDate "2009.09.03"]

1. d4 Nf6 2. c4 e5 3. dxe5 Ng4 4. Nf3 Bc5 5. e3 Nc6 6. Be2 Ngxe5 7. O-O O-O 8.
Nd4 Re8 9. Nc3 Bf8 10. f4 Nxd4 11. exd4 Nc6 12. d5 Bc5+ 13. Kh1 Nd4 14. Bd3 d6
15. Bd2 Bf5 16. Qb1 Qf6 17. Ne4 Qg6 18. Re1 a5 19. Bc3 h5 20. Nxc5 dxc5 21.
Bxf5 Nxf5 22. Re5 Rxe5 23. fxe5 h4 24. Qg1 Qh5 25. Qxc5 h3 26. Qf2 hxg2+ 27.
Qxg2 Ra6 28. e6 fxe6 29. Rg1 Qf7 30. Rf1 g6 31. Qh3 Kf8 32. Re1 Ke7 33. c5 e5
34. Rxe5+ Kd7 35. Qd3 Ne7 36. c6+ Kc8 37. Qe2 Kd8 38. Bd2 bxc6 39. Bg5 1-0

[Event "Aarhus Sommer A"]
[Site "Aarhus"]
[Date "2009.07.14"]
[Round "7"]
[White "Igla, Bella"]
[Black "Berg, Klaus"]
[Result "1/2-1/2"]
[WhiteElo "2235"]
[BlackElo "2432"]
[PlyCount "51"]
[EventDate "2009.07.08"]
[EventType "tourn"]
[EventRounds "9"]
[EventCountry "DEN"]
[EventCategory "5"]
[SourceTitle "CBM 131 Extra"]
[Source "ChessBase"]
[SourceDate "2009.09.03"]

1. d4 Nf6 2. c4 e6 3. Nc3 Bb4 4. Qc2 O-O 5. a3 Bxc3+ 6. Qxc3 d5 7. e3 b6 8. Nf3
Nbd7 9. Be2 c5 10. O-O cxd4 11. Qxd4 Nc5 12. Qd1 Ba6 13. cxd5 Bxe2 14. Qxe2 Nb3
15. Rb1 Qxd5 16. Bd2 Rfd8 17. Rfd1 Qd3 18. Qxd3 Rxd3 19. Be1 Rxd1 20. Rxd1 Rc8
21. Kf1 Kf8 22. Rd3 Nc5 23. Rc3 Rc7 24. Rc2 Nd5 25. Ke2 Ke8 26. Nd4 1/2-1/2